Droplet Microfluidics (Record no. 16462)

MARC details
000 -LEADER
fixed length control field 00936nam a2200133Ia 4500
008 - FIXED-LENGTH DATA ELEMENTS--GENERAL INFORMATION
fixed length control field 220615s9999||||xx |||||||||||||| ||und||
020 ## - INTERNATIONAL STANDARD BOOK NUMBER
International Standard Book Number 9783040000000
245 #0 - TITLE STATEMENT
Title Droplet Microfluidics
546 ## - LANGUAGE NOTE
Language note English[eng]
650 ## - SUBJECT ADDED ENTRY--TOPICAL TERM
Topical term or geographic name entry element FADS||emulsification||droplet coalescence||enzyme engineering||synthetic biology||droplet formation||phase field model||interfacial tension||glass capillary microfluidic device||fluidic mixer||air bubble||3D printing||microcapsules||double-emulsion drops||osmotic pressure||ultra-thin-shell||microfluidics||droplet array||microvalve||droplets||lock-in detection||real-time calibration||homogeneous immunoassay||on-chip mergers||pneumatic valves||programmable droplet formation||dilutions||Microfluidics||drug combinations||screening||droplet microfluidics||sorting||passive sorting||photo-tag||n/a
700 ## - ADDED ENTRY--PERSONAL NAME
Personal name Brouzes, Eric||Li, Siran
856 ## - ELECTRONIC LOCATION AND ACCESS
Uniform Resource Identifier <a href="https://mdpi.com/books/pdfview/book/3673">https://mdpi.com/books/pdfview/book/3673</a>
942 ## - ADDED ENTRY ELEMENTS (KOHA)
Koha item type E-Books
Holdings
Withdrawn status Lost status Damaged status Not for loan Home library Current library Date acquired Total Checkouts Date last seen Price effective from Koha item type
        Kerala University of Digital Sciences, Innovation and Technology Knowledge Centre Kerala University of Digital Sciences, Innovation and Technology Knowledge Centre 15/06/2022   15/06/2022 15/06/2022 E-Books